000 01106nam a2200301 i 4500
001 13941
003 KOSZ 005
005 20200630132829.0
008 071113s1971 pl a f f 001 0 pol
015 _aPB 1971/8591
040 _aWA N
_cWA N
_dKOSZ 005/RW
080 _a53
100 1 _aSkorko-Barańska, Marta
_d(1913-2001).
_eAutor
245 1 0 _aFizyka :
_bpodręcznik dla studentów wyższych technicznych studiów zawodowych dla pracujących /
_cMarta Skorko.
260 _aWarszawa :
_bPaństwowe Wydawnictwo Naukowe,
_c1971.
300 _a841, [2] stron, [1] karta tablic :
_bilustracje, errata ;
_c25 cm.
336 _aTekst
_btxt
_2rdacontent
337 _aBez urządzenia pośredniczącego
_bn
_2rdamedia
338 _aWolumin
_bnc
_2rdacarrier
380 _aKsiążki.
504 _aIndeks.
658 _aFizyka i astronomia
655 4 _aPodręczniki akademickie
650 4 _aFizyka
710 2 _aPaństwowe Wydawnictwo Naukowe
_4pbl.
856 _uhttp://koha.tu.koszalin.pl/cgi-bin/koha/opac-detail.pl?biblionumber=13941
_yKatalog online BPK
942 _2UKD
_cKS
999 _c13941
_d13941